LEADER 01035nam a2200241 4500 001 000000355907 003 CaOOAMICUS 005 20231023160115.0 008 231023s20212023it 000 u ita r 040 $aSeMil$bita 100 1 $aEscrivá de Balaguer, Josemaría,$c.$0(OLS)http://semarc/name/90553 245 10$aLettere /$cJosemaría Escrivá ; a cura di Luis Cano. 264 1$aMilano :$bAres,$c2021-2023. 300 $a2 v. ;$c19 cm 490 1 $aEmmaus classici 650 4$aEscrivá de Balaguer, Josemaría - Lettere e carteggi.$0(OLS)http://semarc/subject/54640 700 1 $aCano, Luis,$d<1963- >.$0(OLS)http://semarc/name/118571 774 0 $tVol. 1.$dMilano : Ares, 2021.$z978-88-929812-8-7$w()355908 774 0 $tVol. 2.$dMilano : Ares, 2023.$z978-88-929830-0-7$w()355909 830 0$aEmmaus classici.$0(OLS)http://semarc/title/434613 996 $6245$aLettere$9(OLS)http://semarc/title/1746 996 $6264$aMilano :$bAres$9(OLS)http://semarc/publisher/30250 LEADER 01187nam a2200265 i 4500 001 000000110267 003 CaOOAMICUS 005 20231012144143.0 008 091026s1963 it u000 u ita u 040 $aSeMil$bita 100 1 $aMauriac, François,$d<1885-1970>.$0(OLS)http://semarc/name/8852 245 10$aDiario :$bDio e Mammona /$cFrançois Mauriac ; con una prefazione di Carlo Bo ; traduzione di Marise Ferro. 264 1$a[Milano] :$bArnoldo Mondadori Editore,$c1963. 300 $a408 p. ;$c20 cm. 490 1 $aQuaderni della Medusa ;$v59 650 4$aMauriac, François <1885-1970> - Diari e memorie.$0(OLS)http://semarc/subject/54597 700 1 $aFerro, Marise.$0(OLS)http://semarc/name/39890 700 1 $aBo, Carlo,$d<1911-2001>.$0(OLS)http://semarc/name/7656 830 0$aQuaderni della Medusa ;$v59.$0(OLS)http://semarc/title/20385 850 $aSeMil 852 $aSeMil$W1$xVenegono$y1$m1W I 594$j243880$B66172$CSeMilBibl$Z2$F73172 $81 961 $aOmaggio: Altro 996 $6245$aDiario :$bDio e Mammona$9(OLS)http://semarc/title/160263 996 $6264$a[Milano] :$bArnoldo Mondadori Editore$9(OLS)http://semarc/publisher/29634